[Event "Frankfurt Ch 2007"]
[Site "Ffm-Kalbach, LAZ"]
[Date "2007.06.04"]
[Round "5.65"]
[White "Kirchmann, Gerhard"]
[Black "Sallwey, Rainer"]
[Result "0-1"]
[WhiteElo "1276"]
[BlackElo "1498"]
[PlyCount "126"]
[EventDate "2007.??.??"]

1. d4 Nf6 2. Bf4 e6 3. Nf3 d5 4. e3 Bd6 5. Ne5 O-O 6. Nd2 c5 7. c3 cxd4 8. exd4
Ne8 9. Qg4 Nf6 10. Qf3 Ne8 11. Qg3 f6 12. Nd3 Bxf4 13. Nxf4 e5 14. Nxd5 Nc6 15.
dxe5 Nxe5 16. Ne3 Be6 17. Ne4 Qb6 18. b3 Qc6 19. Nxf6+ Nxf6 20. Qxe5 Nd5 21.
Bc4 Nc7 22. O-O Bxc4 23. Nxc4 Rf6 24. Rad1 Re6 25. Rd6 Rxd6 26. Qxd6 Qxd6 27.
Nxd6 b6 28. Re1 Kf8 29. f3 Rd8 30. Ne4 h6 31. Kf2 a6 32. Ke2 Ne6 33. g3 Rc8 34.
Rd1 Ke7 35. f4 Rc6 36. Kd2 Nc7 37. c4 a5 38. a3 Ne6 39. Ke3 g6 40. Nc3 Nc5 41.
Nd5+ Kf7 42. b4 axb4 43. axb4 Re6+ 44. Kf3 Nd7 45. g4 Rc6 46. Rd4 Nf8 47. b5
Rd6 48. f5 gxf5 49. gxf5 Nd7 50. Re4 Nc5 51. Re7+ Kf8 52. f6 Nd7 53. Rh7 Ne5+
54. Kf4 Nxc4 55. Rxh6 Rxd5 56. h4 Nd6 57. Rh8+ Kf7 58. Rb8 Rxb5 59. h5 Kxf6 60.
h6 Kg6 61. Rd8 Nf7 62. h7 Kxh7 63. Ke4 Nxd8 0-1

[Event "Frankfurt Ch 2007"]
[Site "Ffm-Kalbach, LAZ"]
[Date "2007.06.04"]
[Round "5.66"]
[White "Wenzel, Bernd"]
[Black "Scheerer, Michael"]
[Result "1/2-1/2"]
[WhiteElo "1481"]
[BlackElo "1398"]
[PlyCount "41"]
[EventDate "2007.??.??"]

1. f4 d5 2. Nf3 Nf6 3. e3 Bg4 4. Be2 Bxf3 5. Bxf3 e6 6. d3 c5 7. O-O Be7 8. Qe2
Qc7 9. Nc3 O-O 10. e4 dxe4 11. dxe4 Nc6 12. Be3 Rad8 13. Rad1 Rxd1 14. Rxd1 Rd8
15. e5 Rxd1+ 16. Qxd1 Ne8 17. a3 a6 18. Ne4 b5 19. Nxc5 Bxc5 20. Bxc5 Nxe5 21.
Qd4 1/2-1/2

[Event "Frankfurt Ch 2007"]
[Site "Ffm-Kalbach, LAZ"]
[Date "2007.06.04"]
[Round "5.69"]
[White "Wich, Manuela"]
[Black "Grohmüller, Robert"]
[Result "0-1"]
[WhiteElo "1378"]
[BlackElo "1346"]
[PlyCount "66"]
[EventDate "2007.??.??"]

1. d4 d5 2. c4 e6 3. Nf3 Nf6 4. Nc3 c6 5. Bg5 Nbd7 6. e3 Qa5 7. Bxf6 Nxf6 8.
Bd3 Bb4 9. Qb3 dxc4 10. Qxc4 O-O 11. O-O Bd6 12. e4 Bc7 13. e5 Nd5 14. Bxh7+
Kxh7 15. Qd3+ g6 16. Ng5+ Kg7 17. Nxd5 Qxd5 18. f4 Bb6 19. Rfd1 c5 20. b3 Qxd4+
21. Qxd4 cxd4 22. Rd3 Rh8 23. h3 Bd7 24. Kh2 Bb5 25. Rd2 d3 26. a4 Be3 27. Rdd1
Bxf4+ 28. Kh1 Bc6 29. Nf3 Bxf3 30. gxf3 Rxh3+ 31. Kg2 Rah8 32. Rxd3 Rh2+ 33.
Kg1 Rh1+ 0-1

[Event "Frankfurt Ch 2007"]
[Site "Ffm-Kalbach, LAZ"]
[Date "2007.06.04"]
[Round "5.71"]
[White "Nitschner, Hendrik"]
[Black "Breitbach, Stephan"]
[Result "0-1"]
[WhiteElo "1177"]
[BlackElo "1334"]
[PlyCount "76"]
[EventDate "2007.??.??"]

1. e4 e5 2. Nf3 Nc6 3. Bb5 d6 4. O-O Nf6 5. d3 Bg4 6. Be3 a6 7. Ba4 b5 8. Bb3
Na5 9. Nbd2 g6 10. h3 Nxb3 11. Nxb3 Bd7 12. Bg5 Be7 13. Re1 O-O 14. d4 exd4 15.
Qxd4 c5 16. Qc3 Bc6 17. Bh6 Re8 18. Rad1 b4 19. Qe3 Qb6 20. e5 Nd5 21. Qd2 Rad8
22. Bg5 dxe5 23. Bxe7 Nxe7 24. Qg5 Rxd1 25. Rxd1 Bxf3 26. gxf3 Nf5 27. Re1 c4
28. Nd2 c3 29. Nc4 Qc5 30. b3 f6 31. Qxf6 Rf8 32. Qe6+ Kg7 33. Nxe5 Nd4 34.
Qxa6 Nxf3+ 35. Nxf3 Rxf3 36. Qb7+ Rf7 37. Qg2 Rf5 38. Re2 Rg5 0-1